1546 1104 1133 1099 1022 1278 1644 1018 1918 1428 1543 1722 1209 1192 1651 1500 1260 1692 1742 1297 1398 1220 1902 1350 1508 1252 1418 1591 1603 1489 1054 1451 1595 1708 1934 1101 1581 1375 1562 1301 1503 1121 1528 1548 1496 1385 1026 1866 1979 1959 1579 1245 1382 1642 1344 1013 1496 1767 1847 1155 1351 1894 1376 2000 1333 1267 1017 1071 1132 1343 1657 1323 1490 1177 1405 1680 1873 1134 1333 1603 1092 1579 1383 1510 1364 1993 1208 1174 1406 1035 1685 1568 1290 1806 1838 1290 1280 1040 1520 BCNSPRNW ULIB Ver.6.0+V

เปลี่ยนเป็นภาษาไทย

Change to English
 แสดงรายละเอียดบรรณานุกรม
  กลับหน้าหลัก

Brief Record : Get Marc (ISO 2709) : E-mail record : QR code < ปิดหน้าต่าง
LEADER : 00000nam 2200000uu 4500
001    13399121214
003     ULIB
008    121109s2550||||th 000 0 tha d
020    ^a9789748478616
050 04 ^aPL4177^bพ924ร 2550
100 0  เพลินตา
245 00 ^aโรงเรียนนักเขียน /^cเพลินตา, รวบรวมและเรียบเรียง
250    ^aพิมพ์ครั้งที่ 7 (ฉบับสมบูรณ์ ปรับปรุงแก้ไขใหม่)
260    ^aนนทบุรี :^bบ้านหนังสือ,^c2550
300    ^a254 หน้า ;^c19 ซม
505 2  ^aโครงเรื่อง -- ลักษณะตัวละคร -- ฉาก -- มุมมอง --แบบวิธีการเขียนและน้ำเสียงในงานเขียน -- การเดินเรื่อง -- แก่นเรื่อง --องค์ประกอบของการเป็นนักเขียน -- สิบวิธีในการเริ่มต้นงานเขียน -- จะเป็นนักเขียน : จะต้องมีคุณสมบัติอะไร? -- การเริ่มเรื่อง -- การสร้างเรื่องจากตัวละคร -- จากตัวละครสู่โครงเรื่อง -- การตั้งชื่อเรื่อง -- การเตรียมต้นฉบับ
650  7 ^aการแต่งนวนิยาย
650  7 ^aนวนิยาย
650  7 ^aนักประพันธ์
650  7 ^aการเขียนหนังสือ
700 0  ^aเพลินตา
945    ^p175^l0^i17796
995    ^aกัณชพร
999 ^a กัณชพร
รายการนี้ยังไม่มีแท็ก
คุณยังไม่ได้ล็อกอิน คุณสามารถมีกิจกรรมร่วมกับเว็บไซต์ได้ แต่ต้องล็อกอินก่อน ::
  ล็อกอิน

รายการสื่อสารสนเทศ

ลำดับที่ ประเภท เลขเรียก/บาร์โค้ด สถานที่ สถานะ
1. วิทยาศาสตร์การแพทย์ และสุขภาพ
วิทยาศาสตร์การแพทย์ และสุขภาพ
PL4177 พ924ร 2550  
  Barcode: 17796
ห้องสมุดวิทยาเขตสวรรค์ประชารักษ์
►หนังสือทั่วไป
บนชั้น

รายการใกล้เคียง
    ผู้แต่ง [เพลินตา]

    หัวเรื่อง [การแต่งนวนิยาย]
    หัวเรื่อง [นวนิยาย]
    หัวเรื่อง [นักประพันธ์]
    หัวเรื่อง [การเขียนหนังสือ]

BibComment


ยังไม่เคยถูกคอมเมนท์

คอมเมนท์ทรัพยากรรายการนี้
  คอมเมนท์: โรงเรียนนักเขียน..


 Copyright 2026. Bcnsprnw @Library